Normal view
MARC view
- KASHIF,JUNAID,SALMAN
Entry Personal Name
001 - CONTROL NUMBER
- control field: 72259
003 - CONTROL NUMBER IDENTIFIER
- control field: NUST
005 - DATE AND TIME OF LATEST TRANSACTION
- control field: 20210628204749.0
008 - FIXED-LENGTH DATA ELEMENTS
- fixed length control field: 210628|| aca||aabn | a|a d
040 ## - CATALOGING SOURCE
- Original cataloging agency: NUST
- Transcribing agency: NUST
100 ## - HEADING--PERSONAL NAME
- Personal name: KASHIF,JUNAID,SALMAN
670 ## - SOURCE DATA FOUND
- Source citation: Work cat.: (NUST): KASHIF,JUNAID,SALMAN, PR-SOF-1164-MANUFACTURE AND ANALYSIS OF COMPRESSED STABILIZED EARTH BLOCK, 2012
